| 000 | 01075nam a22002897a 4500 | ||
|---|---|---|---|
| 003 | OSt | ||
| 005 | 20170821124220.0 | ||
| 008 | 170730s1996 ua a gr 001 0 ara d | ||
| 040 |
_aEG-ScBUE _bara _cEG-ScBUE |
||
| 043 | _af-ua--- | ||
| 082 | 0 | 4 |
_a281.72 _bح ب ش _222 |
| 100 | 1 | _aحبشي، لبيب. | |
| 245 | 1 | 2 |
_aالجمعية الأثرية المصرية في صحراء العرب والأديرة الشرقية / _cتأليف لبيب حبشي، زكي تاوضروس. |
| 250 | _aط. 2. | ||
| 260 |
_aالقاهرة : _bمكتبة مدبولي، _c1996. |
||
| 300 |
_a190 ص. : _bإيض. ؛ _c24 سم. |
||
| 490 | 0 |
_aصفحات من تاريخ مصر ؛ _v20 |
|
| 504 | _aيشتمل على إرجاعات ببليوجرافية. | ||
| 590 | _aسارة | ||
| 610 | 2 | 7 |
_aالجمعية الأثرية المصرية. _2BUEsh |
| 650 | 7 |
_a الآثار المسيحية _zمصر. _2BUEsh |
|
| 650 | 7 |
_aالأديرة _zمصر. _2BUEsh |
|
| 651 | 7 |
_aمصر _xآثار. _2BUEsh |
|
| 653 |
_bGGEN _cJuly2017 |
||
| 700 | 1 | _aتاوضروس، زكي. | |
| 942 | _2ddc | ||
| 999 |
_c25085 _d25057 |
||